000 00575nam a22001697a 4500
005 20251108174638.0
008 250721s2008 xx 000 0 ara d
082 1 4 _a956/خطي
100 1 _aالخطيب، جمال
_eمؤلف
245 1 0 _aعلى مذبح الحكم : قراءة في نصوص تاريحية إسلامية /
264 1 _aعمان :
_bدار مجدلاوي للنشر و التوزيع،
_c2008.
300 _a253ص.
650 1 7 _aالتاريخ الاسلامي
650 1 7 _aالاحكام السلطانيه
942 _2ddc
_cBK
999 _c114367
_d114367